LEADER 00760nam0 2200265 450 001 9910293859703321 005 20181204092221.0 100 $a20181204d2012----km y0itay50 ba 101 0 $aita 102 $aIT 105 $a 001yy 200 1 $a>sapere che serve$eapprendistato, formazione continua, dignitą professionale$fSaul Meghnagi 210 $aRoma$d2012 215 $aVIII, 161 p.$d18 cm 225 1 $aSaggine$v205 610 0 $aFormazione professionale 676 $a370.113$v20$zita 700 1$aMeghnagi,$bSaul$0124002 801 0$aIT$bUNINA$gREICAT$2UNIMARC 901 $aBK 912 $a9910293859703321 952 $aCOLLEZ. 1784 (205)$b3600/2018$fFSPBC 959 $aFSPBC 996 $aSapere che serve$91141865 997 $aUNINA LEADER 01256oam 2200385 450 001 9910708072303321 005 20170828143135.0 035 $a(CKB)5470000002469854 035 $a(OCoLC)976000159 035 $a(EXLCZ)995470000002469854 100 $a20170315d2017 ua 0 101 0 $aeng 135 $aurbn||||a|||| 181 $ctxt$2rdacontent 182 $cc$2rdamedia 183 $acr$2rdacarrier 200 10$aBusiness meeting $eomnibus committee funding : hearing before the Committee on Rules and Administration, Congress of the United States, One Hundred Fourteenth Congress, first session, February 12, 2015 210 1$aWashington :$cU.S. Government Publishing Office,$d2017. 215 $a1 online resource (iii, 2 pages) 225 1 $aS. hrg. ;$v114-571 300 $aPaper version available for sale by the Superintendent of Documents, United States Government Publishing Office. 517 $aBusiness meeting 608 $aLegislative hearings.$2lcgft 801 0$bGPO 801 1$bGPO 801 2$bGPO 801 2$bOCLCF 801 2$bMERUC 801 2$bAZP 801 2$bCWCLL 801 2$bGPO 906 $aBOOK 912 $a9910708072303321 996 $aBusiness meeting$93184312 997 $aUNINA